Statistics for 2024 Formula One Drivers

Click here to take the quiz!

General Stats

  • This quiz has been taken 35 times
  • The average score is 18 of 20

Answer Stats

TeamCountryDriver% Correct
MercedesUnited KingdomLewis Hamilton
100%
Red BullNetherlandsMax Verstappen
100%
Red BullMexicoSergio Pérez
100%
FerrariMonacoCharles Leclerc
96%
FerrariSpainCarlos Sainz
92%
Aston MartinSpainFernando Alonso
92%
MercedesUnited KingdomGeorge Russell
92%
McLarenUnited KingdomLando Norris
92%
WilliamsThailandAlexander Albon
88%
AlpineFranceEsteban Ocon
88%
Aston MartinCanadaLance Stroll
88%
WilliamsUnited StatesLogan Sargeant
88%
HaasGermanyNico Hülkenberg
88%
AlpineFrancePierre Gasly
88%
Kick SauberFinlandValtteri Bottas
88%
RBAustraliaDaniel Ricciardo
85%
McLarenAustraliaOscar Piastri
85%
RBJapanYuki Tsunoda
85%
HaasDenmarkKevin Magnussen
81%
Kick SauberChinaZhou Guanyu
81%

Score Distribution

Percentile by Number Answered

Percent of People with Each Score

Your Score History

You have not taken this quiz